000 005510000a22001810004500
003 MACL
005 20160227172126.0
008 160227b xxu||||| |||| 00| 0 eng d
040 _aMACL
_cMACL
041 _aHindi
082 _a800
100 _aसच्चिदानन्‍द्र वात्‍स्‍यायन
_941105
245 _aघार और किनारे
260 _bसरस्‍वती विहार
_c1982
_aदिल्‍ली
350 _a38
650 _aLiteracture
_939932
942 _cHIN
_k800
_2ddc
999 _c28231
_d28231